Sociology : (Record no. 6481)

MARC details
000 -LEADER
fixed length control field 01301cam a22003254a 4500
001 - CONTROL NUMBER
control field 11941868
003 - CONTROL NUMBER IDENTIFIER
control field OSt
005 - DATE AND TIME OF LATEST TRANSACTION
control field 20200127121349.0
008 - FIXED-LENGTH DATA ELEMENTS--GENERAL INFORMATION
fixed length control field 000315s2000 nyu b 001 0 eng
010 ## - LIBRARY OF CONGRESS CONTROL NUMBER
LC control number 00035256
020 ## - INTERNATIONAL STANDARD BOOK NUMBER
International Standard Book Number 0312234996 (U.S.)
020 ## - INTERNATIONAL STANDARD BOOK NUMBER
International Standard Book Number 033367619X (outside North America)
020 ## - INTERNATIONAL STANDARD BOOK NUMBER
International Standard Book Number 0333676203 (outside North America)
040 ## - CATALOGING SOURCE
Original cataloging agency DLC
Transcribing agency DLC
Modifying agency DLC
042 ## - AUTHENTICATION CODE
Authentication code pcc
082 00 - DEWEY DECIMAL CLASSIFICATION NUMBER
Classification number 301
Edition number 21
Item number SOC 1999
100 ## - MAIN ENTRY--PERSONAL NAME
Personal name Edited by Taylor ,Steve;
9 (RLIN) 13321
245 00 - TITLE STATEMENT
Title Sociology :
Remainder of title issues and debates /
Statement of responsibility, etc. edited by Steve Taylor.
260 ## - PUBLICATION, DISTRIBUTION, ETC. (IMPRINT)
Place of publication, distribution, etc. New York :
Name of publisher, distributor, etc. Palgrave,
Date of publication, distribution, etc. 1999.
300 ## - PHYSICAL DESCRIPTION
Extent xvi, 398 p. ;
Dimensions 24 cm.
504 ## - BIBLIOGRAPHY, ETC. NOTE
Bibliography, etc Includes bibliographical references (p. 359-387) and index.
650 #0 - SUBJECT ADDED ENTRY--TOPICAL TERM
Topical term or geographic name as entry element Sociology.
9 (RLIN) 2259
700 1# - ADDED ENTRY--PERSONAL NAME
Personal name Taylor, Steve
Fuller form of name (Steve D.)
9 (RLIN) 6927
856 42 - ELECTRONIC LOCATION AND ACCESS
Materials specified Contributor biographical information
Uniform Resource Identifier http://www.loc.gov/catdir/bios/hol057/00035256.html
856 42 - ELECTRONIC LOCATION AND ACCESS
Materials specified Publisher description
Uniform Resource Identifier http://www.loc.gov/catdir/description/hol051/00035256.html
856 41 - ELECTRONIC LOCATION AND ACCESS
Materials specified Table of contents
Uniform Resource Identifier http://www.loc.gov/catdir/toc/hol051/00035256.html
906 ## - LOCAL DATA ELEMENT F, LDF (RLIN)
a 7
b cbc
c orignew
d 1
e ocip
f 20
g y-gencatlg
942 ## - ADDED ENTRY ELEMENTS (KOHA)
Source of classification or shelving scheme Dewey Decimal Classification
Koha item type Open Shelf
Holdings
Withdrawn status Lost status Source of classification or shelving scheme Damaged status Not for loan Home library Current library Date acquired Source of acquisition Inventory number Total Checkouts Full call number Barcode Date last seen Price effective from Koha item type
    Dewey Decimal Classification     MUST Main Library MUST Main Library 27/01/2020 Purchase 12/36895   301 SOC 1999 2020-0138 27/01/2020 27/01/2020 Open Shelf